বাংলা রাগপ্রধান গানের উদ্ভব ও বিকাশ : (Record no. 37196)
[ view plain ]
| 000 -LEADER | |
|---|---|
| fixed length control field | 01552ntm a2200253 a 4500 |
| 001 - CONTROL NUMBER | |
| control field | 37196 |
| 003 - CONTROL NUMBER IDENTIFIER | |
| rucl marc code | BD-RjUL |
| 005 - DATE AND TIME OF LATEST TRANSACTION | |
| control field | 20211209052604.0 |
| 008 - FIXED-LENGTH DATA ELEMENTS--GENERAL INFORMATION | |
| fixed length control field | 141111s2013 bg ||||| m||| 00| e ben d |
| 035 ## - SYSTEM CONTROL NUMBER | |
| System control number | (BD-RjUL)37298 |
| 040 ## - CATALOGING SOURCE | |
| Original cataloging agency | BD-RjUL |
| Language of cataloging | ben |
| Transcribing agency | BD-RjUL |
| Modifying agency | BD-RjUL |
| 041 ## - LANGUAGE CODE | |
| Language code of text/sound track or separate title | ben |
| 082 ## - DEWEY DECIMAL CLASSIFICATION NUMBER | |
| Edition number | 23 |
| Classification number | 781.690904 |
| Author mark and year | PRB 2013প |
| 100 ## - MAIN ENTRY--PERSONAL NAME | |
| Personal name | প্রামানিক, বাদল কুমার |
| 9 (RLIN) | 113862 |
| 245 ## - TITLE STATEMENT | |
| Title | বাংলা রাগপ্রধান গানের উদ্ভব ও বিকাশ : |
| Remainder of title | বিংশ শতক / |
| Statement of responsibility, etc. | বাদল কুমার প্রামানিক. |
| Linkage | তত্ত্বাবধায়ক : অসিত রায়. |
| 260 ## - PUBLICATION, DISTRIBUTION, ETC. (IMPRINT) | |
| Place of publication, distribution, etc. | রাজশাহী : |
| Name of publisher, distributor, etc. | নাট্যকলা ও সংগীত বিভাগ, রাজশাহী বিশ্ববিদ্যালয়, |
| Date of publication, distribution, etc. | ২০১৩ |
| 300 ## - PHYSICAL DESCRIPTION | |
| Pagination | [৪], ১৮৭ পাতা ; |
| Size | ২৯ সেমি. |
| 502 ## - DISSERTATION NOTE | |
| Dissertation note | থিসিস ( পিএইচ.ডি.)--নাট্যকলা ও সঙ্গীত বিভাগ, রাজশাহী বিশ্ববিদ্যালয়,২০১৩. |
| 504 ## - BIBLIOGRAPHY, ETC. NOTE | |
| Bibliography, etc | গ্রন্থপঞ্জি পাতা : ১৮৬-১৮৭. |
| 650 ## - SUBJECT ADDED ENTRY--TOPICAL TERM | |
| Topical term or geographic name as entry element | বাংলা রাগপ্রধান সংগীত |
| General subdivision | ইতিহাস |
| Chronological subdivision | ১৯০০-১৯৯৯ |
| 9 (RLIN) | 113872 |
| Topical term or geographic name as entry element | Bengali Classical Music |
| Form subdivision | History |
| Chronological subdivision | 1900-1999 |
| 9 (RLIN) | 113881 |
| 700 ## - ADDED ENTRY--PERSONAL NAME | |
| Personal name | রায়, অসিত, তত্ত্বাবধায়ক |
| 942 ## - ADDED ENTRY ELEMENTS (KOHA) | |
| Source of classification or shelving scheme | Dewey Decimal Classification |
| Koha item type | Theses |
| Lost status | Source of classification or shelving scheme | Damaged status | Not for loan | Collection code | Permanent Location | Current Location | Shelving location | Date acquired | Source of acquisition | Cost, normal purchase price | Total Checkouts | Full call number | Date last seen | Copy number | Koha item type |
|---|---|---|---|---|---|---|---|---|---|---|---|---|---|---|---|
| Dewey Decimal Classification | Not For Loan | Non-fiction | Central Library, University of Rajshahi | Central Library, University of Rajshahi | Documentation Section | 24/09/2014 | Controller of Examination Office, University of Rajshahi, Rajshahi. | 0.00 | BTHE 781.690904 PRB 2013 | 11/11/2014 | C-1 | Theses |